00411nam a2200145Ia 4500008004100000041000900041082001700050100001700067245002000084260003400104300000800138650000800146999001700154952009400171230718s9999 xx 000 0 und d aEng. a340.1bDIA-J aDias, R. W.M 0aJurisPrudence  aPakistanbAdillya Booksc1994 a520 aLaw c31331d31331 00104070aSIRC-LbSIRC-Ld2023-07-18l0o340.1 DIA-Jp26282r2023-07-18w2023-07-18yBK